LEADER 01387nam a2200301 4500 001 000000362136 003 CaOOAMICUS 005 20250317095908.0 008 250317s2008 xxk 000 u eng r 020 $a978-0-521-78058-2$c(hb) 020 $a978-0-521-78549-5$c(pb) 040 $aSeMil$bita 245 04$aThe Cambridge companion to classical islamic theology /$cedited by Tim Winter. 264 1$aCambridge [etc.] :$bCambridge University Press,$c2008. 300 $axi, 337 p. ;$c23 cm 490 1 $aCambridge companions to religion 650 04$aIslamismo - Teologia - Storia - 622-1700.$0(OLS)http://semarc/subject/57295 650 4$aTeologia islamica.$0(OLS)http://semarc/subject/57296 700 1 $aWinter, Tim,$d<1960- >.$0(OLS)http://semarc/name/121687 830 4$aThe Cambridge companion to.$0(OLS)http://semarc/title/453007 850 $aSeMil 852 $aSeMil$W1$xVenegono$y1$m2YA F 10$j255186$B253072$CSeMilBibl$Z2$F253072 $81 961 $aBuzzi mons. Franco - Omaggio 996 $6020$a978-0-521-78058-2$c(hb)$9(OLS)http://semarc/number/302765 996 $6020$a978-0-521-78549-5$c(pb)$9(OLS)http://semarc/number/302764 996 $6245$aThe Cambridge companion to classical islamic theology$9(OLS)http://semarc/title/453004 996 $6264$aCambridge [etc.] :$bCambridge University Press$9(OLS)http://semarc/publisher/37850 LEADER 01059nam a2200253 i 4500 001 000000043566 003 CaOOAMICUS 005 20090821000000.0 008 090821s1968 it u000 u ita u 013 $a14736 040 $aSeMil$bita 100 1 $aBosc, Jean .$0(OLS)http://semarc/name/21405 240 13$aLa foi chrétienne.$0(OLS)http://semarc/title/28947 245 13$aLa fede cristiana :$baccordi e divergenze tra le chiese /$cJean Bosc. 260 $aAssisi :$bCittadella,$cstampa 1968. 300 $a129 p. ;$c21 cm. 490 0 $aNuove frontiere 650 4$aEcumenismo.$0(OLS)http://semarc/subject/3071 650 4$aCristianesimo - Sec. 20.$0(OLS)http://semarc/subject/7709 830 0$aNuove frontiere.$0(OLS)http://semarc/title/6287 850 $aSeMil 852 $aSeMil$W1$xVenegono$y1$m2B II 391$j9721$B9721$CSeMilBibl$Z2$F9721 $81 996 $6245$aLa fede cristiana :$baccordi e divergenze tra le chiese$9(OLS)http://semarc/title/64093 996 $6260$aAssisi :$bCittadella$9(OLS)http://semarc/publisher/29661